Sri Ramakrishna: (Record no. 141518)

MARC details
000 -LEADER
fixed length control field 00692nam a22001937a 4500
005 - DATE AND TIME OF LATEST TRANSACTION
control field 20230210172016.0
010 ## - LCCN (DPL NO)
LC control number ENG-118752
020 ## - INTERNATIONAL STANDARD BOOK NUMBER
International Standard Book Number 99789381506677
Terms of availability 399.00
035 ## - SYSTEM CONTROL NUMBER
System control number Efficacy on financial inclusion policies and Way ahead
037 ## - SOURCE OF ACQUISITION
Source of stock number/acquisition DBAD/PUB
082 ## - DEWEY DECIMAL CLASSIFICATION NUMBER
Classification number 181.45
100 ## - MAIN ENTRY--PERSONAL NAME
Personal name Nikhilananda
245 ## - TITLE STATEMENT
Title Sri Ramakrishna:
Remainder of title The face of silence/
Statement of responsibility, etc by by Nikhilananda [and] Dhan Gopal Mukherji ; edited by Adiswarananda
260 ## - PUBLICATION, DISTRIBUTION, ETC. (IMPRINT)
Place of publication, distribution, etc New Delhi
Name of publisher, distributor, etc Manjul Publishing House
Date of publication, distribution, etc 2015
270 ## - ADDRESS
Address 7/32,Ground Floor,Ansari Road,Daryaganj
City New Delhi
Postal code 110002
300 ## - PHYSICAL DESCRIPTION
Extent xiv,329p.
Dimensions 22cm (Pbk)
700 ## - ADDED ENTRY--PERSONAL NAME
Dates associated with a name Mukerji, Dhan Gopal
942 ## - ADDED ENTRY ELEMENTS (KOHA)
Source of classification or shelving scheme Dewey Decimal Classification
Item type English Books
Call number suffix NIK
Classification part 181.45
Holdings
Withdrawn status Lost status Not for loan Collection code Home library Current library Date acquired Source of acquisition Cost, normal purchase price Full call number Barcode Copy number Cost, replacement price Koha item type
      Non-fiction Diz Area Diz Area 20/06/2017 DBAD/PUB 399.00 181.45 NIK EN-102284 1 399.00 English Books

© Delhi Public Library
Hit Counter
free hit counter